000 01014nam a22003377a 4500
003 CHAP
005 20220329133010.0
008 971013s1988 uk r 00010 eng d
010 _a1092
011 _a2064
035 _a1253
040 _cCHAP
082 0 4 _a660.6
_bS5 1988
100 0 0 _aSmith, John E.
_9107052
245 1 _aBiotechnology
250 _a2 ed.
260 _aLondon :
_bArnold,
_c1988
300 _a130 p.
490 _aNew studies in biology
500 _a40-83
590 _aBATCH-UPD
_b10
_c20130110
_lUCH01
_h1957
590 _aBATCH-UPD
_b10
_c20130410
_lUCH01
_h1317
590 _aBATCH-UPD
_b10
_c20130914
_lUCH01
_h0639
590 _aCONVERSION
_b10
_c20130109
_lUCH01
_h1302
650 1 4 _aBiotecnología.
_912878
830 0 _aNew studies in biology
_981013
901 _aBK
942 _cLIBRO
949 _a660.6 S5 1988
_bBC
_cLIBRO
_d33724000130092
_eLIBRO
_gI.c/e
_h78659
_i1253
_si
_t93.10
949 _a660.6 S5 1988
_bBC
_cLIBRO
_d33724000130100
_eLIBRO
_fc.2
_gI.c/e
_h78658
_i1253
_si
_t98.00
999 _c1092
_d1092